000 00428nam a22001697a 4500
005 20160601144121.0
008 160601b xxu||||| |||| 00| 0 eng d
020 _a81-7866-474-7
041 _aeng
082 _b6738
100 _aBhat, K. Shridhara
_91666
245 _aTotal Qualit Management text & cases
260 _aMumbai
_bHimalaya Publishing House
_c2002
300 _a748
650 _aManagement
_9241
942 _cBK
999 _c2345
_d2344